000 00757nam a22002057a 4500
005 20110902122755.0
010 _aG-001376
020 _a9788190461634
_c395.00
035 _aG-001376
037 _bGift
082 _a320.934
100 _aOjha, B.N.
_934167
245 _aKautilya's arthashastra /
_cby B.N. Ojha
260 _aPanchkula
_bSwastik Prakashan
_c2008
270 _aS.C.O. 43, Ist Floor, Swastik Vihar MDC
_bPanchkula
_e134113 (H.R.)
300 _a168p.
_b22cm(Hb)
942 _2ddc
_cEN
_h320.934
_mOJH
999 _c56214
_d56214